Forme e contenuti della partecipazione alla elaborazione e a controllo dei programmi edilizi (Record n. 56580)

Dettagli MARC
000 -LEADER
fixed length control field 01143nam a2200301Ia 4500
001 - CONTROL NUMBER
control field A9266
003 - CONTROL NUMBER IDENTIFIER
control field IT-RoPAU
008 - FIXED-LENGTH DATA ELEMENTS--GENERAL INFORMATION
fixed length control field 130308s9999 xx 000 0 und d
040 ## - CATALOGING SOURCE
Original cataloging agency IT-RoPAU
040 ## - CATALOGING SOURCE
Transcribing agency IT-RoPAU
041 ## - LANGUAGE CODE
Language code of text/sound track or separate title ITALIANO
999 ## - SYSTEM CONTROL NUMBERS (KOHA)
Koha Dewey Subclass [OBSOLETE] SI
100 ## - MAIN ENTRY--PERSONAL NAME
Personal name De Carlo Giancarlo
100 ## - MAIN ENTRY--PERSONAL NAME
Miscellaneous information Codice Aut. SPICS: 36660
245 ## - TITLE STATEMENT
Title Forme e contenuti della partecipazione alla elaborazione e a controllo dei programmi edilizi
245 ## - TITLE STATEMENT
Remainder of title Annuario 1978: Eventi del 1976-77
250 ## - EDITION STATEMENT
Edition statement 1a ed.
260 ## - PUBLICATION, DISTRIBUTION, ETC. (IMPRINT)
Place of publication, distribution, etc. VENEZIA
260 ## - PUBLICATION, DISTRIBUTION, ETC. (IMPRINT)
Name of publisher, distributor, etc. La Biennale
260 ## - PUBLICATION, DISTRIBUTION, ETC. (IMPRINT)
Date of publication, distribution, etc. 1979 [1° Ed.:1979 - Ed.Ling.Originale:1976]
300 ## - PHYSICAL DESCRIPTION
Extent "9 p. (prefazione: no ; testo: 9 [pagine: 1171-1179])"
500 ## - GENERAL NOTE
General note Definizioni della Partecipazione. Presunti Limiti al Processo di Partecipazione. partecipazione nell'Architettura. Significato e Prassi del progetto nell'architettura della Partecipazione. residenza Sovvenzionata. Chi Ha Paura dell'architettura della partecipazione con Fondati e Infondati Motivi.
650 ## - SUBJECT ADDED ENTRY--TOPICAL TERM
Topical term or geographic name as entry element MANIFESTAZIONI CINEMATOGRAFICHE
650 ## - SUBJECT ADDED ENTRY--TOPICAL TERM
Relator term Codice materia Spics: 6815
942 ## - ADDED ENTRY ELEMENTS (KOHA)
Koha item type LIBRO
957 ## -
-- 1
999 ## - SYSTEM CONTROL NUMBERS (KOHA)
-- 1
Dati di copia
Withdrawn status Lost status Damaged status Not for loan Home library Current library Date acquired Total Checkouts Full call number Date last seen Price effective from Koha item type Public note
    Buone Condizioni Not For Loan SPICS-MEDIATECA SPICS-MEDIATECA 08/03/2013   A9266 08/03/2013 08/03/2013 LIBRO Progressivo inserimento: 42607 / N. Volumi: 0 [=Contributo] Copie: 1 Copia Rara: SI / data import: 1 marzo 2013 - By Epidotti, Trombetti, Vaglietti.
CREDITS: SOCIETA' SAN PAOLO Via A.Severo, 58 - ROMA (RM) & PERIODICI SAN PAOLO SRL Via Giotto, 36 MILANO & CISF Via Giotto, 36 MILANO & EDIZIONI SAN PAOLO SRL,  Piazza Soncino, 5 CINISELLO BALSAMO (MI) -- ITALY